| 000 | 03507cam a2200361 i 4500 | ||
|---|---|---|---|
| 003 | SA-RiAUC | ||
| 005 | 20250601124433.0 | ||
| 008 | 250531s2001 ts g b 00000 ara c | ||
| 024 | 0 | _a00000000972959 | |
| 024 | 0 | _a00000000970316 | |
| 040 |
_aSA-RiAUC _bara _cSA-RiAUC _dAE-DuMBRL _erda |
||
| 082 | 0 | 4 |
_a330.121 _qSA-RiAUC |
| 090 |
_a330.121 _bم ر ع |
||
| 100 | 1 |
_aمرعي، محمد البشير فرحان _eمؤلف. |
|
| 245 | 1 | 2 |
_aالحاجات البشرية : _bمدخل إلى النظرية الاقتصادية الإسلامية / _cتأليف محمد البشير فرحان مرعي. |
| 246 | 3 | 0 | _aالنظرية الاقتصادية الإسلامية |
| 250 | _aالطبعة الأولى. | ||
| 264 | 1 |
_aدبي [الإمارات العربية المتحدة] : _bدار البحوث للدراسات الإسلامية وإحياء التراث، _c2001. |
|
| 300 |
_a218 صفحة ؛ _c24 × 17 سم. |
||
| 336 |
_aنص _btxt _2rdacontent _3كتاب |
||
| 337 |
_aبدون وسيط _bn _2rdamedia |
||
| 338 |
_aمجلد _bnc _2rdacarrier |
||
| 490 | 1 |
_aالاقتصاد الإسلامي ؛ _v1 |
|
| 504 | _aيشتمل على إرجاعات ببليوجرافية. | ||
| 505 | 0 | _aالمحتويات:-المقدمة-الفصل الأول: منشأ الحاجات البشرية وأقسامها، المبحث الأول: تعريف الحاجة-الفصل الثاني: تحليل خصائص الحاجات البشرية، المبحث الأول: الخصائص الطبيعية للحاجات البشرية-الفصل الثالث: الحاجات في إطار الشريعة الإسلامية ومقاصدها-الفصل الرابع: وسائل إشباع الحاجات في التشريع الإسلامي-الفصل الخامس: حقيقة الندرة بين الاقتصاد الوضعي والاقتصاد الإسلامي-الفصل السادس: الحاجة وأهداف ودوافع الإنتاج في الاقتصاد الإسلامي-الفصل السابع: العلاقة الحركية بين الحاجات والتطور الإنتاجي-الفصل الثامن: الحاجات البشرية وأولويات التنمية الاقتصادية،... وموضوعات أخرى. | |
| 505 | 0 | _aالمحتويات:-المقدمة-الفصل الأول: منشأ الحاجات البشرية وأقسامها، المبحث الأول: تعريف الحاجة-الفصل الثاني: تحليل خصائص الحاجات البشرية، المبحث الأول: الخصائص الطبيعية للحاجات البشرية-الفصل الثالث: الحاجات في إطار الشريعة الإسلامية ومقاصدها، المبحث الأول: علاقة الحاجة بالتشريع-الفصل الرابع: وسائل إشباع الحاجات في التشريع الإسلامي، أولا: قضاء الحاجة للفرد ولمن يعول-الفصل الخامس: حقيقة الندرة بين الاقتصاد الوضعي والاقتصاد الإسلامي، ... وموضوعات أخرى. | |
| 650 | 7 |
_aالإسلام والاقتصاد _2aucsh |
|
| 650 | 7 |
_aالاقتصاد الإسلامي _2aucsh |
|
| 830 | 2 |
_aالاقتصاد الإسلامي (دار البحوث للدراسات الإسلامية والتراث) _v1 |
|
| 942 |
_2ddc _cBOOK _n0 |
||
| 949 |
_aSA-JeALM _d250531 _umohamedma123 _n1 |
||
| 999 |
_c8613 _d8613 |
||